Benchmarking vo vybranom podniku bakalárska práca

Gespeichert in:
Bibliographische Detailangaben
1. Verfasser: Hétháršiová, Denisa
Körperschaft: Podnikovohospodárska fakulta EU so sídlom v Košiciach. Katedra ekonómie
Weitere Verfasser: Bruothová, Michaela, 1979-
Format: Buch
Sprache:Slowakisch
Veröffentlicht: Košice 2017
Tags: Tag hinzufügen
Keine Tags, Fügen Sie das erste Tag hinzu!

MARC

LEADER 00000nbm a2200000 4500
001 0231648
005 20240827092009.6
041 0 |a slo 
044 |a SK 
245 1 0 |a Benchmarking vo vybranom podniku  |b bakalárska práca  |c Denisa Hétháršiová ; školiteľ: Michaela Bruothová 
264 1 |a Košice  |c 2017 
300 |a 51 s. 
100 1 |a Hétháršiová, Denisa 
700 1 |a Bruothová, Michaela, 1979- 
710 2 |a Podnikovohospodárska fakulta EU so sídlom v Košiciach. Katedra ekonómie